All 100k Cities in Washington - Statistics

General Stats
  • This quiz has been taken 77 times
  • The average score is 6 of 9
Answer Stats
Population Answer % Correct
724,764 Seattle
100%
217,096 Spokane
91%
213,426 Tacoma
83%
198,163 Vancouver
72%
111,275 Everett
62%
109,803 Spokane Valley
62%
151,505 Bellevue
60%
132,306 Kent
57%
103,748 Renton
45%
No matching quizzes found
Score Distribution
Percent of People with Each Score
Percentile by Number Answered
Your Score History
You have not taken this quiz